|
|
|
|
| LEADER |
00000nam a2200000Ii 4500 |
| 001 |
DIGCOLMX0456 |
| 003 |
NyNyDIG |
| 007 |
cr ||||||||||| |
| 008 |
230620s2022 mx a ob 000 0 spa d |
| 006 |
m o d |
| 020 |
|
|
|a 9786075644134
|q electrónico
|
| 020 |
|
|
|z 9786076289808
|q impreso
|
| 035 |
|
|
|a (OCoLC)1347260919
|
| 040 |
|
|
|a DGITA
|b eng
|e rda
|e pn
|c DGITA
|
| 043 |
|
|
|a a-cc---
|a a-ii---
|a a-cc-ti
|
| 050 |
1 |
4 |
|a DS740.5.I5 ebook
|
| 100 |
1 |
|
|a González Castañeda, Mario,
|e author.
|
| 245 |
1 |
4 |
|a Las relaciones India-China :
|b el (re)encuentro de dos sistemas de la posguerra fría /
|c Mario González Castañeda.
|
| 250 |
|
|
|a Primera edición electrónica.
|
| 264 |
|
1 |
|a Ciudad de México, México :
|b El Colegio de México,
|c [2022]
|
| 300 |
|
|
|a 1 online resource :
|b illustrations.
|
| 336 |
|
|
|a text
|b txt
|2 rdacontent
|
| 337 |
|
|
|a computer
|b c
|2 rdamedia
|
| 338 |
|
|
|a online resource
|b cr
|2 rdacarrier
|
| 347 |
|
|
|a text file
|2 rdaft
|
| 347 |
|
|
|b EPUB
|
| 504 |
|
|
|a Includes bibliographical references.
|
| 588 |
0 |
|
|a Online resource; title from ePub title page (Digitalia, viewed June 20, 2023)
|
| 651 |
|
0 |
|a India
|x Foreign relations
|z China
|y 20th century.
|
| 791 |
2 |
|
|a Digitalia (Firm),
|e distributor.
|
| 793 |
0 |
|
|g Digitalia eBook Collection:
|a El Colegio de México
|
| 776 |
0 |
8 |
|i Print version:
|a González Castañeda, Mario.
|t Relaciones India-China.
|b Primera edición.
|d Ciudad de México, México : El Colegio de México, [2020]
|z 9786076289808
|
| 856 |
4 |
0 |
|3 Digitalia Hispánica
|u https://www.digitaliapublishing.com/a/125602/
|
| 910 |
|
|
|a Premium collection: 2023
|